| 000 | 01896pam a2200469 i 4500 | ||
|---|---|---|---|
| 001 | BK0017233484 | ||
| 003 | DLC | ||
| 005 | 20210403131614.0 | ||
| 008 | 151222s2016 nyua c 6 000 0 eng d | ||
| 010 | _a2015039907 | ||
| 020 |
_a9780374300432 : HRD _c18.99 |
||
| 020 |
_a0374300437 : HRD _c18.99 |
||
| 037 |
_bFarrar Straus & Giroux, C/O Mps 16365 James Madison Hwy, Gordonsville, VA, USA, 22942, (540)6727600 _nSAN 631-5011 |
||
| 040 |
_aDLC _beng _erda _cDLC _dNjBwBT |
||
| 050 | 0 | 0 |
_aPZ7.7.L37 _bCo 2016 |
| 082 | 0 | 0 |
_a741.5/973 _223 |
| 092 | _a741.5973 | ||
| 100 | 1 |
_aLarson, Hope, _eauthor. _95773933 |
|
| 245 | 1 | 0 |
_aCompass south / _cHope Larson ; illustrations by Rebecca Mock. |
| 246 | _bFour points | ||
| 246 | _bFour points book one | ||
| 246 | _bFour points book 1 | ||
| 250 | _aFirst edition. | ||
| 264 | 1 |
_aNew York : _bMargaret Ferguson Books, Farrar Straus Giroux, _c2016. |
|
| 300 |
_a224 pages : _bcolor illustrations ; _c24 cm. |
||
| 336 | _atext | ||
| 336 | _astill image | ||
| 337 | _aunmediated | ||
| 338 | _avolume | ||
| 440 |
_aFour points : _vbook 1 _96412195 |
||
| 500 | _aChiefly illustrations. | ||
| 520 | _aAfter escaping the Black Hook Gang in 1860 New York City, twelve-year-old twins Alexander and Cleopatra flee to New Orleans, become separated, and try to find each other in San Francisco, while being followed by pirates who think they hold the key to treasure. | ||
| 650 | 1 |
_aBrothers and sisters _vFiction. _95673852 |
|
| 650 | 1 |
_aTwins _vFiction. _95674236 |
|
| 650 | 1 |
_aAdventure and adventurers _vFiction. _9102533 |
|
| 650 | 1 |
_aVoyages and travels _vFiction. _96357956 |
|
| 650 | 1 |
_aBuried treasure _vFiction. _95686601 |
|
| 650 | 1 |
_aGraphic novels. _96357957 |
|
| 655 | 0 |
_aGraphic novels. _96357955 |
|
| 700 | 1 |
_aMock, Rebecca, _eartist. _96357958 |
|
| 942 |
_2ddc _cBOOK |
||
| 999 |
_c226258 _d226258 |
||